[Event "Zuerich op-B 36th"]
[Site "Zuerich"]
[Date "2012.12.27"]
[Round "3"]
[White "Abaecherli, Simon"]
[Black "Niederer, Paul"]
[Result "1-0"]
[WhiteElo "1930"]
[BlackElo "1877"]
[PlyCount "109"]
[EventDate "2012.12.26"]
[EventType "swiss"]
[EventRounds "7"]
[EventCountry "SUI"]
[SourceTitle "EXT 2019"]
[Source "ChessBase"]
[SourceDate "2018.10.10"]
[SourceVersion "1"]
[SourceVersionDate "2018.10.10"]
[SourceQuality "1"]

1. d4 d5 2. c4 c6 3. Nf3 Nf6 4. Nc3 e6 5. e3 Be7 6. Bd3 dxc4 7. Bxc4 Nd5 8. e4 Nxc3 9. bxc3 0-0 10. 0-0 b5 11. Bd3 Bb7 12. Be3 Nd7 13. Qc2 h6 14. Qd2 g5 15. h3 f5 16. exf5 exf5 17. Qc2 f4 18. Bd2 Bf6 19. Rfe1 Nb6 20. Re6 Rf7 21. Rae1 Nc4 22. Re8+ Qxe8 23. Rxe8+ Rxe8 24. Bg6 Bg7 25. Bxf7+ Kxf7 26. Kf1 Bc8 27. Bc1 Be6 28. Nd2 Kg8 29. Ne4 Bd5 30. f3 a5 31. h4 gxh4 32. Nf6+ Bxf6 33. Qg6+ Kf8 34. Qxf6+ Kg8 35. Qg6+ Kf8 36. Qxh6+ Ke7 37. Qxh4+ Kd7 38. Bxf4 Ne3+ 39. Bxe3 Rxe3 40. Qh7+ Re7 41. Qc2 a4 42. a3 Kc7 43. Kf2 Kb6 44. Qd2 Bc4 45. g4 Bd5 46. f4 Rh7 47. Kg3 Rh1 48. f5 Rg1+ 49. Kh4 Rg2 50. Qf4 Rc2 51. Qe3 Ra2 52. Qe7 Rh2+ 53. Kg5 Rg2 54. f6 Bf3 55. Qd7 1-0

[Event "Zuerich op-B 26th"]
[Site "Zuerich"]
[Date "2002.??.??"]
[Round "5"]
[White "Adamantidis, Panagiotis"]
[Black "Niederer, Paul"]
[Result "1-0"]
[WhiteElo "1890"]
[BlackElo "1854"]
[PlyCount "55"]
[EventDate "2002.12.26"]
[EventType "swiss"]
[EventRounds "7"]
[EventCountry "SUI"]
[SourceTitle "EXT 2019"]
[Source "ChessBase"]
[SourceDate "2018.10.10"]
[SourceVersion "1"]
[SourceVersionDate "2018.10.10"]
[SourceQuality "1"]

1. d4 d5 2. c4 g6 3. cxd5 Nf6 4. Nf3 Bg7 5. Qa4+ Kf8 6. Nc3 Nxd5 7. Bg5 h6 8. Bh4 Nc6 9. e3 Nb6 10. Qb3 Bf5 11. Bb5 Bd7 12. 0-0 Na5 13. Qc2 c6 14. Bd3 Nac4 15. a4 a5 16. Ne4 Be6 17. Nc5 Qc8 18. Nxe6+ Qxe6 19. Qb3 Ne5 20. Qxb6 Nxd3 21. Qxb7 Rc8 22. Bxe7+ Kg8 23. Ba3 Kh7 24. Qa6 Nb4 25. Bxb4 axb4 26. Rfc1 Qb3 27. Qc4 Qxb2 28. Ra2 1-0